| 000 | 00418nam a22001457a 4500 | ||
|---|---|---|---|
| 999 |
_c524012 _d524012 |
||
| 020 | _a978-969-9898-00-6 | ||
| 040 | _cNUST | ||
| 082 |
_a338.47665730954 _bSAB |
||
| 100 |
_aSabri, G.A. _914836 |
||
| 245 |
_aThe proclaimed lng scam : _bA Treatise in perspective / _cG.A. Sabri. |
||
| 260 |
_aPakistan : _bTriad Communications Islamabad, _c2013. |
||
| 300 |
_a208 p. : _c21 cm. |
||
| 500 | _aPaperback | ||
| 942 |
_2ddc _cBK |
||